[Event "Ambalangoda Dhamso op 5th"]
[Site "Ambalangoda"]
[Date "2015.05.31"]
[Round "6"]
[White "Lamahewa, S."]
[Black "Lakmal, MAC"]
[Result "1-0"]
[WhiteElo "1838"]
[BlackElo "1537"]
[PlyCount "120"]
[EventDate "2015.05.29"]
[EventType "swiss"]
[EventRounds "9"]
[EventCountry "SRI"]
[SourceTitle "EXT 2016"]
[Source "ChessBase"]
[SourceDate "2015.10.08"]
[SourceVersion "1"]
[SourceVersionDate "2015.10.08"]
[SourceQuality "1"]

1. c4 Nf6 2. Nc3 g6 3. g3 Bg7 4. Bg2 d6 5. Nf3 0-0 6. 0-0 Nbd7 7. d3 e5 8. b4 Nh5 9. Rb1 f5 10. Bg5 Nhf6 11. Nd5 h6 12. Nxf6+ Nxf6 13. Bxf6 Qxf6 14. Qc2 g5 15. Nd2 Rb8 16. c5 Be6 17. cxd6 cxd6 18. Qa4 d5 19. Qxa7 f4 20. Rbc1 Qf7 21. Qb6 Rbc8 22. Nb3 Rxc1 23. Rxc1 fxg3 24. fxg3 d4 25. Rf1 Bf6 26. Nc5 Bg4 27. Ne4 Bd8 28. Qxh6 Qg7 29. Rxf8+ Kxf8 30. Qxg7+ Kxg7 31. Kf2 Be7 32. a3 b6 33. Nd2 Be6 34. Bc6 Kf6 35. Ba4 Bd8 36. Bb3 Bd7 37. Bd5 Bb5 38. Ne4+ Kg6 39. Nd6 Bd7 40. Bc4 Be7 41. Ne4 Bf8 42. Ke1 Be7 43. Kd2 Bc6 44. Nf2 Kf5 45. e4+ Kg6 46. Kc2 Ba4+ 47. Bb3 Bd7 48. h3 Kf6 49. g4 Bd6 50. Nh1 Be7 51. Ng3 Kg6 52. Nf5 Bxf5 53. gxf5+ Kg7 54. Bd5 Kf8 55. Kb3 Ke8 56. Kc4 Kd7 57. Kb5 Kc7 58. a4 Bf6 59. a5 bxa5 60. bxa5 Be7 1-0

[Event "Ambalangoda Dhamso op 5th"]
[Site "Ambalangoda"]
[Date "2015.05.30"]
[Round "4"]
[White "Kanakarathne, S Nevinka De Silva"]
[Black "Lamahewa, S."]
[Result "0-1"]
[WhiteElo "1256"]
[BlackElo "1838"]
[PlyCount "86"]
[EventDate "2015.05.29"]
[EventType "swiss"]
[EventRounds "9"]
[EventCountry "SRI"]
[SourceTitle "EXT 2016"]
[Source "ChessBase"]
[SourceDate "2015.10.08"]
[SourceVersion "1"]
[SourceVersionDate "2015.10.08"]
[SourceQuality "1"]

1. d4 Nf6 2. Bf4 d5 3. e3 g6 4. c4 Bg7 5. Nc3 0-0 6. h3 c5 7. Nf3 cxd4 8. exd4 Nc6 9. cxd5 Nxd5 10. Bg3 Qa5 11. Qd2 Rd8 12. Bc4 Nxc3 13. bxc3 e5 14. d5 e4 15. Nd4 Nxd4 16. cxd4 Qxd2+ 17. Kxd2 Be6 18. Rhe1 Bxd5 19. Bxd5 Rxd5 20. Rxe4 Bxd4 21. Rxd4 Rxd4+ 22. Ke1 Re8+ 23. Kf1 b5 24. Rb1 Rd2 25. Ra1 f5 26. f3 Ree2 27. Be1 Rxa2 28. Rxa2 Rxa2 29. Bf2 Rxf2+ 30. Kxf2 a5 31. Ke2 Kf7 32. Kd3 Ke6 33. Kc3 Kd5 34. g3 b4+ 35. Kb3 Kd4 36. g4 Ke3 37. gxf5 gxf5 38. h4 Kxf3 39. h5 Ke2 40. h6 f4 41. Kc4 f3 42. Kb3 f2 43. Kc4 f1Q 0-1

[Event "Ambalangoda Dhamso op 1st"]
[Site "Ambalangoda"]
[Date "2011.04.24"]
[Round "8"]
[White "Lamahewa, S."]
[Black "De Silva, Osheen"]
[Result "0-1"]
[WhiteElo "1828"]
[BlackElo "1931"]
[PlyCount "81"]
[EventDate "2011.04.21"]
[EventType "swiss"]
[EventRounds "9"]
[EventCountry "SRI"]
[SourceTitle "CBM 142 Extra"]
[Source "ChessBase"]
[SourceDate "2011.06.27"]
[SourceVersion "1"]
[SourceVersionDate "2011.06.27"]
[SourceQuality "1"]

1. c4 Nf6 2. Nc3 e6 3. g3 d5 4. cxd5 exd5 5. d4 c6 6. Bg2 Bd6 7. Nf3 Nbd7 8. Bg5 h6 9. Bxf6 Qxf6 10. 0-0 Bb4 11. a3 Bxc3 12. bxc3 0-0 13. Nd2 Qd8 14. c4 Nb6 15. c5 Nd7 16. Qc2 Re8 17. e3 Nf6 18. a4 Bg4 19. f3 Bh5 20. Qc3 Bg6 21. a5 a6 22. Rae1 Qd7 23. Rf2 Re7 24. Nb3 Rae8 25. Nc1 Nh7 26. Rfe2 Nf6 27. Nd3 Bxd3 28. Qxd3 Rd8 29. Rb2 Rde8 30. Rb3 Qe6 31. Kf2 Nh7 32. Ke2 Qf6 33. Kf2 Ng5 34. Re2 Ne4+ 35. Kg1 Ng5 36. Kf2 Ne6 37. Reb2 Qg5 38. Bh3 Qh5 39. Kg2 Nd8 40. Bg4 Qg5 41. Kf2 0-1